Computer Processing of Oriental Languages. Beyond the Orient: The Research Challenges Ahead : 21st International Conference, ICCPOL 2006, Singapore, December 17-19, 2006, Proceedings /

Na minha lista:
Detalhes bibliográficos
Autor principal: Yuji Matsumoto, Richard W. Sproat, Kam-Fai Wong, Min Zhang (edición)
Formato: Livro
Idioma:inglês
Publicado em: Berlín, Alemania : Springer, 2006, c2006
Colecção:(Lecture Notes in Computer Science)
Acesso em linha:Ver documento en línea
Tags: Adicionar Tag
Sem tags, seja o primeiro a adicionar uma tag!

MARC

LEADER 00000nam^a22000000a04500
001 000605588
009 20260413195434.222
020 |a 978-3-540-49668-7 
022 |a 1611-3349 
037 |a Acervo ITESO - Biblioteca 
041 |a ING 
082 |a Libro en línea 
100 |a Yuji Matsumoto, Richard W. Sproat, Kam-Fai Wong, Min Zhang  |e (edición) 
245 |a Computer Processing of Oriental Languages. Beyond the Orient: The Research Challenges Ahead :  |b 21st International Conference, ICCPOL 2006, Singapore, December 17-19, 2006, Proceedings / 
264 4 |a Berlín, Alemania :  |b Springer,  |c 2006, c2006 
264 2 |a Cham, Suiza :  |b Springer Link [distribución],  |c 2025 
300 |a 1 libro electrónico en línea (XVII, 546 p.) 
300 |a 1 recurso en línea 
336 |a datos para computadora  |b cod  |2 rdacontenido 
337 |a computadora  |b c  |2 rdamedio 
338 |a recurso en línea  |b cr  |2 rdasoporte 
440 |a (Lecture Notes in Computer Science) 
506 0 |a Licencias ilimitadas 
567 |a Catalogación rápida 
649 |a XX 
856 4 0 |u https://link-springer-com.ezproxy.iteso.mx/10.1007/11940098  |y Ver documento en línea 
910 |a Fondo General 
920 |a Electrónicos - Libros en Línea 
930 |a Plataforma Digital 
905 |a 205 
902 |a https://opac.biblio.iteso.mx/vufind/Record/000605588